00783nam a2200193 a 450000100100000000500170001000800410002704000250006810000250009324000690011824501010018726000400028830000210032850000340034970000350038370000480041895201060046699900170057200002635720200930024526.0110315s1971 sp 000 0 spa d aDO-SdBNPbspacBNPHU1 aBury, John B.95338510aThe idea of progress. An inquiry its origin and growtblInglés10aLa idea del progreso /cJohn B. Bury ; traductores Elías Díaz y Julio Rodríguez Aramberri. aMadrid :bAlianza Editorial,c1971. a327 p. ;c19 cm. aTraducido del idioma inglés1 aDíaz, Elías,etrad.9192881 aRodríguez Aramberri, Julio,etrad.953386 0010507-18MOaGRbGRcOId2011-03-15iLF1l0o p26357-10r2020-06-25w2020-06-25y1ZNo se presta c25849d25849